Normal view
MARC view
- грекийн гүн ухаан
Entry Topical Term
001 - CONTROL NUMBER
- control field: 69184
003 - CONTROL NUMBER IDENTIFIER
- control field: OSt
005 - DATE AND TIME OF LATEST TRANSACTION
- control field: 20260211063047.0
008 - FIXED-LENGTH DATA ELEMENTS
- fixed length control field: 260211|| aca||aabn | a|a d
040 ## - CATALOGING SOURCE
- Original cataloging agency: OSt
- Transcribing agency: OSt
150 ## - HEADING--TOPICAL TERM
- Topical term or geographic name entry element: грекийн гүн ухаан
670 ## - SOURCE DATA FOUND
- Source citation: Work cat.: (OSt)32872: Кишими Ичиро 53821 зохиогч, Жаргалтай болох зориг: Адлерын хувь хүний хөгжлийн сургаал 2